Books Written by Politicians and Statespeople - Statistics

General Stats
  • This quiz has been taken 11 times
  • The average score is 7 of 20
Answer Stats
Book Politician or Statesperson % Correct
The Art of the Deal Donald Trump
100%
Dreams From My Father Barack Obama
78%
Long Walk to Freedom Nelson Mandela
78%
Meditations Marcus Aurelius
56%
Utopia Thomas More
56%
The Motorcycle Diaries Che Guevara
44%
Sybil, or The Two Nations Benjamin Disraeli
33%
Kane and Abel Jeffrey Archer
33%
On Liberty John Stuart Mill
33%
The Thirty-Nine Steps John Buchan
22%
The Universe in a Single Atom The 14th Dalai Lama
22%
The World Crisis Winston Churchill
22%
The Cardinal's Mistress Benito Mussolini
11%
Seventy-Two Virgins: A Comedy of Errors Boris Johnson
11%
The Hornet's Nest Jimmy Carter
11%
On the Art of the Cinema Kim Jong Il
11%
The Feast of the Goat Mario Vargas Llosa
11%
House of Cards Michael Dobbs
11%
Escape to Hell and Other Stories Muammar Gaddafi
11%
The Great Indian Novel Shashi Tharoor
11%
No matching quizzes found
Score Distribution
Percent of People with Each Score
Percentile by Number Answered
Your Score History
You have not taken this quiz